Loading...
| History - American | 0 | 8 | 0 | 0 | 80 | 25 | 48.13 | 2 | 6 | 37.36 | 51.50 |
| History - European | 0 | 6 | 0 | 1 | 60 | 16 | 59.33 | 2 | 3 | 23.12 | 30.72 |
| Mythology | 0 | 5 | 0 | 0 | 50 | 57 | 84.00 | 0 | 0 | 11.76 | 16.13 |
| Philosophy | 0 | 5 | 0 | 2 | 50 | 62 | 86.40 | 0 | 1 | 9.12 | 18.80 |
| History - World | 0 | 6 | 2 | 0 | 50 | 37 | 62.83 | 0 | 1 | 20.64 | 26.71 |
| History - Other | 0 | 4 | 0 | 1 | 40 | 60 | 76.25 | 0 | 2 | 10.41 | 14.53 |
| Science - Chemistry | 0 | 5 | 2 | 0 | 40 | 36 | 58.80 | 0 | 3 | 18.27 | 30.98 |
| Science - Biology | 0 | 4 | 1 | 2 | 35 | 94 | 101.75 | 0 | 0 | 0.39 | 10.10 |
| Literature - World | 0 | 3 | 0 | 0 | 30 | 78 | 94.00 | 0 | 1 | 4.18 | 10.36 |
| Fine Arts - Classical Music | 0 | 3 | 0 | 2 | 30 | 87 | 114.33 | 0 | 0 | 2.57 | 4.06 |
| Current Events | 0 | 3 | 0 | 0 | 30 | 59 | 81.00 | 0 | 1 | 15.19 | 26.92 |
| Science - Physics | 0 | 3 | 0 | 1 | 30 | 15 | 64.33 | 1 | 1 | 9.26 | 12.50 |
| Literature - British | 0 | 2 | 0 | 0 | 20 | 57 | 78.50 | 0 | 0 | 5.56 | 10.10 |
| Literature - European | 0 | 2 | 1 | 0 | 15 | 90 | 98.00 | 0 | 0 | 2.48 | 3.37 |
| Fine Arts - Painting and Sculpture | 0 | 2 | 1 | 0 | 15 | 50 | 85.00 | 0 | 0 | 4.28 | 7.85 |
| Religion | 0 | 2 | 1 | 1 | 15 | 68 | 93.50 | 0 | 0 | 3.13 | 4.17 |
| Literature - American | 0 | 1 | 0 | 1 | 10 | 111 | 111.00 | 0 | 0 | 0.00 | 0.64 |
| Popular Culture | 0 | 1 | 0 | 0 | 10 | 73 | 73.00 | 0 | 1 | 5.30 | 9.52 |
| Geography | 0 | 1 | 1 | 0 | 5 | 41 | 41.00 | 0 | 1 | 10.22 | 15.28 |
| Fine Arts - Other | 0 | 1 | 1 | 0 | 5 | 76 | 76.00 | 0 | 0 | 2.78 | 1.28 |
| Social Science | 0 | 0 | 1 | 0 | -5 | 0.00 | 0 | 0 | 0.00 | 0.00 | |
| Science - Other | 0 | 1 | 3 | 0 | -5 | 85 | 85.00 | 0 | 1 | 1.89 | 6.25 |